خدمات الوقف الإسلامي : (رقم التسجيلة. 110977)

تفاصيل مارك
000 -الفاتح
عناصر البيانات ثابتة الطول 00847cam a2200181 i 4500
005 - تاريخ ووقت آخر معاملة
حقل ضبط 20251211102414.0
008 - عناصر البيانات ثابتة الطول
عناصر البيانات ثابتة الطول 250721s2006 jo gr 000 0 ara d
082 14 - رقم تصنيف ديوي العشري
رقم التصنيف 216.393
رقم المادة ب ر ه
100 1# - مدخل رئيسي – اسم شخصي
الاسم الشخصي البرهاوي، رعد محمود أحمد
علاقة الشخص بالعمل/ دوره مؤلف.
245 10 - بيان العنوان
العنوان خدمات الوقف الإسلامي :
بقية العنوان و آثاره في مناحي الحياة /
بيان المسؤولية الدكتور رعد محمود احمد البرهاوي.
264 31 - بيانات النشر، التوزيع…إلخ
مكان النشر، التوزيع...إلخ إربد :
اسم الناشر، الموزع...إلخ دار الكتاب الثقافي للطباعة والنشر والتوزيع ؛
-- دار المتنبي للنشر والتوزيع ؛
-- دار الوضاح للنشر والتوزيع،
تاريخ النشر، التوزيع...إلخ 2006.
300 ## - الوصف المادي
عدد الوحدات المكونة للوعاء 206 صفحة.
650 17 - مدخل إضافي بالموضوع - مصطلح موضوعي
مصطلح موضوعي أو اسم جغرافي كعنصر مدخل الفقه الاسلامي.
650 17 - مدخل إضافي بالموضوع - مصطلح موضوعي
مصطلح موضوعي أو اسم جغرافي كعنصر مدخل الوقف.
650 17 - مدخل إضافي بالموضوع - مصطلح موضوعي
مصطلح موضوعي أو اسم جغرافي كعنصر مدخل الوقف الخيري.
942 ## - بيانات إضافية (كوها)
نوع التنصيف Dewey Decimal Classification
نوع المادة (كوها) كتب
المقتنيات
حالة السحب حالة الفقدان مصدر التصنيف حالة التلف غير قابل للإعارة المكتبة الرئيسية المكتبة الحالية موقع الرف تاريخ التزويد الرقم المتسلسل Total Checkouts رقم الإستدعاء الباركود تاريخ آخر ظهور تاريخ الفاتورة نوع المادة (كوها) العملة
    Dewey Decimal Classification   Not For Loan المكتبة المركزية المكتبة المركزية الإعارة 28/07/2025 1162535   216.393/بره 1162535 28/07/2025 28/07/2025 كتب  
    Dewey Decimal Classification     المكتبة المركزية المكتبة المركزية الإعارة 11/12/2025 1162532   216.393 / ب ر ه PLD1162532 11/12/2025 11/12/2025 كتب JOD
    Dewey Decimal Classification     مكتبة أبو علندا العامة مكتبة أبو علندا العامة الإعارة 28/07/2025 1162544   216.393/بره 1162544 28/07/2025 28/07/2025 كتب  
    Dewey Decimal Classification     مكتبة الأميرة ايمان العامة مكتبة الأميرة ايمان العامة الإعارة 28/07/2025 1162536   216.393/بره 1162536 28/07/2025 28/07/2025 كتب  
    Dewey Decimal Classification     مكتبة الأميرة سلمى مكتبة الأميرة سلمى الإعارة 02/07/2015 1464898   216.393/بره PLD00335667 28/07/2025 02/07/2015 كتب  
    Dewey Decimal Classification     مكتبة الاميرة بديعة مكتبة الاميرة بديعة الإعارة 28/07/2025 1162539   216.393/بره 1162539 28/07/2025 28/07/2025 كتب  
    Dewey Decimal Classification     مكتبة الجويدة مكتبة الجويدة الإعارة 28/07/2025 1162540   216.393/بره 1162540 28/07/2025 28/07/2025 كتب  
    Dewey Decimal Classification     مكتبة النصر العامة مكتبة النصر العامة الإعارة 28/07/2025 1162546   216.393/بره 1162546 28/07/2025 28/07/2025 كتب  
    Dewey Decimal Classification     مكتبة حمزة العامة مكتبة حمزة العامة الإعارة 28/07/2025 1162541   216.393/بره 1162541 28/07/2025 28/07/2025 كتب  
    Dewey Decimal Classification     مكتبة صويلح العامة مكتبة صويلح العامة الإعارة 28/07/2025 1162537   216.393/بره 1162537 28/07/2025 28/07/2025 كتب  
    Dewey Decimal Classification     مكتبة وادي السير العامة مكتبة وادي السير العامة الإعارة 28/07/2025 1162545   216.393/بره 1162545 28/07/2025 28/07/2025 كتب  
Implemented & Customized by: BBB with SCIT (Smart Chains for Information Technology)

Powered by Koha